| 000 | 00572nam a22001937a 4500 | ||
|---|---|---|---|
| 003 | SEM | ||
| 999 |
_c50801 _d50801 |
||
| 005 | 20220608071903.0 | ||
| 008 | 220505s1901 ru ||||gr|||||001 0 arm|d | ||
| 040 |
_aSEM _cSEM |
||
| 041 | _aarm | ||
| 080 | _a347.67/Կ-67 | ||
| 245 | _aԿոկոյեան կտակի պատմութիւնը / | ||
| 246 | _a[Կոկոյան կտակի պատմությունը] / | ||
| 260 |
_aՆոր-Նախիջևան : _bտպ. Եղբ. Յ և Ս. Աւագեանների, _c1901. |
||
| 300 |
_a26 էջ ; _c19 սմ |
||
| 650 | _aԿտակ | ||
| 653 | _aՍԷՄ | ||
| 942 |
_2udc _cBK |
||